000 00628nam a2200193 i 4500
001 184817
003 ES-MaACL
005 20230906222302.0
008 160202s1985 sp |||| | spa d
020 _a84-7615-019-9
080 _a681.31.066 VisiCalc
100 1 _aFlast, Robert H.
_9158627
245 1 0 _a54 aplicaciones del Visicalc /
_cRobert H. Flast ; traducción, Luis Joyanes Aguilar.
260 _aMadrid :
_bMcGraw-Gill : La Colina,
_cD.L. 1985.
300 _aVIII, 277 p. ;
_c28 cm.
630 0 4 _aVisiCalc (Archivo de ordenador)
_9158628
700 0 _aJoyanes Aguilar, Luis.
_967073
852 _aES-MaACL
_jG-6927
999 _c184817
_d184817